000 00684nam a2200253Ia 4500
003 OSt
005 20220925223054.0
006 a|||||r|||| 00| 0
007 ta
008 220923b |||||||| |||| 00| 0 eng d
020 _a0415155177
037 _cGeneral Book
040 _aRTL
_cRTL
_beng
041 _2eng
_aeng
082 _aV2,k,E, N8.3
100 _aTuck Patrick
_9288916
245 0 _aEast India Company 1600-1858. 6 V
260 _aLondon
_bRoutledge
_c1998
300 _axxxi, 228p, 148p
_ccm.
650 _a East India Company
_9248832
650 _aHistory
942 _hV2,k,E, N8.3
_cGB
_2CC
999 _c578577
_d578577